[Event "26th WSCC 2016 Open 65+"]
[Site "Marianske Lazne, Czech Republic - Hotel Cristal and Continental"]
[Date "2016.11.19"]
[Round "1.80"]
[White "Hohler, Peter"]
[Black "Freeke, Kees"]
[Result "1/2-1/2"]
[WhiteElo "2119"]
[BlackElo "1791"]
[PlyCount "41"]
[EventDate "2016.11.19"]

1. d4 e6 2. Nf3 f5 3. Bg5 Be7 4. Bxe7 Qxe7 5. c3 Nf6 6. e3 b6 7. Nbd2 Bb7 8.
Bd3 O-O 9. Qc2 d5 10. Ne5 Ne4 11. Ndf3 c5 12. O-O c4 13. Be2 Nc6 14. Rae1 Ng5
15. Nxc6 Nxf3+ 16. Bxf3 Bxc6 17. g3 Be8 18. Bg2 Bg6 19. f4 Bh5 20. Bf3 Bxf3 21.
Rxf3 1/2-1/2

[Event "26th WSCC 2016 Open 65+"]
[Site "Marianske Lazne, Czech Republic - Hotel Cristal and Continental"]
[Date "2016.11.19"]
[Round "1.81"]
[White "Simkin, Alexander"]
[Black "Behling, Robert"]
[Result "1/2-1/2"]
[WhiteElo "1782"]
[BlackElo "2118"]
[PlyCount "100"]
[EventDate "2016.11.19"]

1. e4 c6 2. d4 d5 3. Nc3 dxe4 4. Nxe4 Bf5 5. Ng3 Bg6 6. h4 h6 7. h5 Bh7 8. Nf3
Nd7 9. Bd3 Bxd3 10. Qxd3 e6 11. Bd2 Ngf6 12. O-O-O Be7 13. Kb1 c5 14. Ne4 Qc7
15. Nxf6+ Nxf6 16. dxc5 Qxc5 17. Be3 Qd5 18. Bd2 Qc5 19. Be3 Qa5 20. Bd2 Qc7
21. Qb5+ Qc6 22. Qxc6+ bxc6 23. Ne5 Rc8 24. f3 O-O 25. c4 Rfd8 26. g4 Nd7 27.
Nxd7 Rxd7 28. Ba5 Rb7 29. Rd3 Bb4 30. Bxb4 Rxb4 31. b3 Rb7 32. Rhd1 Kh7 33. Rd7
Rcc7 34. Rd8 g6 35. Kc2 Kg7 36. hxg6 Kxg6 37. Rg8+ Kh7 38. Rdd8 Rd7 39. Rh8+
Kg7 40. Rdg8+ Kf6 41. Rxh6+ Ke7 42. Rc8 Rbc7 43. Rxc7 Rxc7 44. Kd3 f5 45. gxf5
exf5 46. Rh5 Kf6 47. Ke2 Re7+ 48. Kf2 Rd7 49. Ke2 Re7+ 50. Kf2 Rd7 1/2-1/2

[Event "26th WSCC 2016 Open 65+"]
[Site "Marianske Lazne, Czech Republic - Hotel Cristal and Continental"]
[Date "2016.11.19"]
[Round "1.82"]
[White "Mojzis, Jaroslav"]
[Black "Mella, Aage"]
[Result "1-0"]
[WhiteElo "2116"]
[BlackElo "1781"]
[PlyCount "77"]
[EventDate "2016.11.19"]

1. Nf3 d5 2. g3 g6 3. Bg2 Bg7 4. c4 c6 5. O-O Nd7 6. cxd5 cxd5 7. Nc3 e6 8. d4
Ne7 9. Bf4 a6 10. Qd2 O-O 11. Rac1 Nb6 12. b3 Bd7 13. a4 Bc6 14. Ne5 Rc8 15.
Rfd1 Be8 16. Rc2 f6 17. Nd3 g5 18. Be3 Bg6 19. f4 Nf5 20. Bf2 Nd7 21. e4 dxe4
22. Nxe4 Rxc2 23. Qxc2 gxf4 24. Nxf4 Bf7 25. d5 e5 26. Ne6 Qc8 27. Qxc8 Rxc8
28. Bh3 Bg6 29. N6c5 Rd8 30. Nxb7 Rb8 31. Na5 Bf8 32. Rc1 Bb4 33. Nc6 Rb7 34.
d6 Kg7 35. Bf1 Nd4 36. Nxd4 exd4 37. Bxa6 Bxe4 38. Bxb7 Bxb7 39. Rc7 1-0

[Event "26th WSCC 2016 Open 65+"]
[Site "Marianske Lazne, Czech Republic - Hotel Cristal and Continental"]
[Date "2016.11.19"]
[Round "1.83"]
[White "Kasik, Miroslav"]
[Black "Janda, Zdenek"]
[Result "0-1"]
[WhiteElo "1779"]
[BlackElo "2114"]
[PlyCount "132"]
[EventDate "2016.11.19"]

1. e4 d6 2. d4 Nf6 3. Nc3 g6 4. Be2 c6 5. Be3 Qc7 6. Qd2 b5 7. Bf3 a6 8. h3
Nbd7 9. Bh6 Bxh6 10. Qxh6 Bb7 11. O-O-O Qa5 12. Kb1 b4 13. Nce2 c5 14. e5 Nd5
15. exd6 exd6 16. dxc5 Qxc5 17. Qg7 O-O-O 18. Qd4 N7b6 19. c4 bxc3 20. Nxc3
Nxc3+ 21. Qxc3 Qxc3 22. Bxb7+ Kxb7 23. bxc3 Na4 24. Kc2 Rhe8 25. h4 Kc7 26. Rd4
Nc5 27. Nh3 Re2+ 28. Rd2 Rxd2+ 29. Kxd2 Rb8 30. Rc1 h6 31. f3 Kc6 32. Nf2 a5
33. Ng4 h5 34. Nf2 Kd5 35. Nd1 Na4 36. g3 Kc5 37. Kc2 d5 38. Rb1 Rxb1 39. Kxb1
Kc4 40. Kc2 d4 41. cxd4 Kxd4 42. Kd2 Nb6 43. Ne3 Nc4+ 44. Nxc4 Kxc4 45. Kc2 Kd4
46. Kd2 a4 47. a3 f6 48. f4 Ke4 49. Kc3 Kf3 50. Kb4 Kxg3 51. Kxa4 Kxh4 52. Kb5
g5 53. fxg5 fxg5 54. a4 g4 55. a5 g3 56. a6 g2 57. a7 g1=Q 58. a8=Q Qg5+ 59.
Kc4 Kg3 60. Qa3+ Kg4 61. Qa1 Qf4+ 62. Kd3 h4 63. Qg7+ Kh3 64. Ke2 Kh2 65. Qg6
h3 66. Kd1 Qf1+ 0-1

[Event "26th WSCC 2016 Open 65+"]
[Site "Marianske Lazne, Czech Republic - Hotel Cristal and Continental"]
[Date "2016.11.19"]
[Round "1.84"]
[White "Doehner, Hans-Juergen"]
[Black "Halla, Jiri"]
[Result "1/2-1/2"]
[WhiteElo "2111"]
[BlackElo "1770"]
[PlyCount "156"]
[EventDate "2016.11.19"]

1. e4 e6 2. d4 d5 3. e5 c5 4. c3 Nc6 5. Nf3 Qb6 6. Be2 cxd4 7. cxd4 Bb4+ 8. Nc3
Nh6 9. a3 Be7 10. b4 Nf5 11. Na4 Qd8 12. O-O O-O 13. Bb2 Bd7 14. Nc5 b6 15.
Nxd7 Qxd7 16. Ba6 Nb8 17. Bd3 Nc6 18. Rc1 Qb7 19. Qa4 Nb8 20. Rc3 a6 21. Rfc1
b5 22. Qc2 Ra7 23. Bxf5 exf5 24. Qxf5 g6 25. Qg4 Nd7 26. e6 Nf6 27. exf7+ Rxf7
28. Qe6 Qd7 29. Qxf7+ Kxf7 30. Ne5+ Ke6 31. Nxd7 Kxd7 32. f3 Bd6 33. g3 Ne8 34.
Kf2 Nc7 35. Rb3 Na8 36. Ra1 Nb6 37. Bc3 Rc7 38. Rc1 Rc8 39. Bd2 Nc4 40. Be1 Re8
41. Rc2 Bf8 42. Re2 Rc8 43. Ra2 Bg7 44. Rd3 Rc6 45. f4 Nd6 46. Kf3 Nc4 47. Re2
Nd6 48. g4 Rc4 49. Bc3 Ne4 50. Bb2 Kc6 51. h4 Kb6 52. f5 a5 53. bxa5+ Kxa5 54.
Kf4 Ka4 55. g5 Bf8 56. h5 Rc6 57. fxg6 hxg6 58. h6 Rc8 59. Rde3 Rc7 60. Rxe4
dxe4 61. Rxe4 Kb3 62. Re2 Bxa3 63. Ba1 Bb4 64. d5 Bc3 65. Re3 b4 66. d6 Rd7 67.
Re6 Bxa1 68. Rxg6 Kc2 69. Re6 b3 70. g6 b2 71. Re2+ Kd3 72. Re1 Kd2 73. Rh1
Rxd6 74. Kf5 Kc2 75. g7 Rxh6 76. Rxh6 b1=Q 77. g8=Q Kd2+ 78. Kf4 Qf1+ $11
1/2-1/2

[Event "26th WSCC 2016 Open 65+"]
[Site "Marianske Lazne, Czech Republic - Hotel Cristal and Continental"]
[Date "2016.11.19"]
[Round "1.85"]
[White "Gutt, Gregory"]
[Black "Joukl, Zdenek"]
[Result "0-1"]
[WhiteElo "1766"]
[BlackElo "2108"]
[PlyCount "95"]
[EventDate "2016.11.19"]

1. b4 e5 2. a3 c5 3. Bb2 Qc7 4. b5 d5 5. e3 Bf5 6. Ne2 Nd7 7. Ng3 Bg6 8. c4 d4
9. e4 Nh6 10. d3 a6 11. a4 axb5 12. axb5 Rxa1 13. Bxa1 Be7 14. h4 f6 15. Be2
O-O 16. Bb2 Kh8 17. Nd2 Ra8 18. O-O Ra2 19. Qb3 Ra5 20. Rb1 Bf7 21. Ra1 Be6 22.
Rxa5 Qxa5 23. Ndf1 g6 24. Bc1 Nf7 25. Bd2 Qa1 26. Qd1 Qxd1 27. Bxd1 f5 28. h5
f4 29. Nh1 g5 30. g4 fxg3 31. Nhxg3 Nd6 32. Nh2 h6 33. Ng4 Kh7 34. Kg2 Bd8 35.
f3 Be7 36. Ba5 Bxc4 37. dxc4 Nxc4 38. Bc7 Nb2 39. Nf2 c4 40. Ba5 c3 41. Bc2 Nc4
42. Nf5 Bf6 43. Bc7 Na3 44. Bb3 Nxb5 45. Ba4 Nc5 46. Bxe5 Nxa4 47. Nxd4 Nxd4
48. Bxd4 0-1

[Event "26th WSCC 2016 Open 65+"]
[Site "Marianske Lazne, Czech Republic - Hotel Cristal and Continental"]
[Date "2016.11.19"]
[Round "1.86"]
[White "Ricter, Jean-Paul"]
[Black "Feco, Jan"]
[Result "1-0"]
[WhiteElo "2108"]
[BlackElo "1761"]
[PlyCount "119"]
[EventDate "2016.11.19"]

1. e4 e5 2. f4 exf4 3. Nf3 g5 4. Nc3 Bg7 5. h4 h6 6. d4 d6 7. Bc4 c6 8. Qd3 Qe7
9. Bb3 Na6 10. Bd2 Nc7 11. O-O-O Be6 12. d5 Bd7 13. e5 O-O-O 14. exd6 Qxd6 15.
hxg5 cxd5 16. Nxd5 Bb5 17. Qf5+ Qd7 18. Qxd7+ Rxd7 19. Nxc7 Rxc7 20. Bxf4 Re7
21. Rhe1 Be2 22. Rd2 Bxf3 23. Rxe7 Nxe7 24. gxf3 hxg5 25. Bh2 Ng6 26. Bxf7 Nf4
27. c3 Be5 28. Kc2 Rh6 29. Be8 Rh7 30. Bb5 a6 31. Bc4 Re7 32. Bg1 Bc7 33. Bc5
Rd7 34. Rxd7 Kxd7 35. Kd2 Ng6 36. Ke3 Bf4+ 37. Ke4 Bc1 38. b3 Bd2 39. Bd4 Ne7
40. Bf1 Kd6 41. c4 Nc6 42. Bb2 Ke7 43. Bh3 b5 44. cxb5 axb5 45. Bc8 b4 46. Kd5
Nd8 47. Bh3 Nf7 48. Bd4 Be1 49. Bf5 Nh6 50. Be4 Bd2 51. Kc4 g4 52. fxg4 Nxg4
53. Bf3 Nh2 54. Be2 Ke6 55. Bg1 Bf4 56. Kxb4 Kd5 57. a4 Ke4 58. a5 Nf3 59.
Bxf3+ Kxf3 60. a6 1-0

[Event "26th WSCC 2016 Open 65+"]
[Site "Marianske Lazne, Czech Republic - Hotel Cristal and Continental"]
[Date "2016.11.19"]
[Round "1.87"]
[White "Filzmaier, Bruno"]
[Black "Pacl, Vaclav"]
[Result "0-1"]
[WhiteElo "1760"]
[BlackElo "2104"]
[PlyCount "72"]
[EventDate "2016.11.19"]

1. a3 g6 2. Nf3 Bg7 3. d4 f5 4. e3 Nf6 5. b4 b6 6. Bb2 Bb7 7. Be2 O-O 8. O-O d6
9. c4 e6 10. Nbd2 Nbd7 11. h3 Qe7 12. Rc1 c5 13. dxc5 dxc5 14. b5 e5 15. Qb3 e4
16. Nh2 Rfe8 17. Rfd1 Ne5 18. Ndf1 g5 19. Rd2 f4 20. Bxe5 Qxe5 21. Ng4 Nxg4 22.
Bxg4 Rf8 23. Rcd1 Qe8 24. Bd7 Qg6 25. g4 Qh6 26. exf4 gxf4 27. Rd6 Rf6 28. Rxf6
Qxf6 29. Bf5 Re8 30. Re1 Qh4 31. Qd1 Bd4 32. Qc2 e3 33. fxe3 Qxe1 34. Bxh7+ Kh8
35. exd4 Re2 36. d5 Qf2+ 0-1

[Event "26th WSCC 2016 Open 65+"]
[Site "Marianske Lazne, Czech Republic - Hotel Cristal and Continental"]
[Date "2016.11.19"]
[Round "1.88"]
[White "Casden, Alan"]
[Black "Londin, Milan"]
[Result "0-1"]
[WhiteElo "2102"]
[BlackElo "1754"]
[PlyCount "120"]
[EventDate "2016.11.19"]

1. e4 e5 2. Bc4 Bc5 3. Nc3 Nc6 4. Qg4 g6 5. Qf3 Qf6 6. Nd5 Qxf3 7. Nxf3 Bb6 8.
O-O d6 9. d3 f6 10. c3 Nce7 11. Nxb6 axb6 12. h3 Nc6 13. d4 Ke7 14. Be3 Nd8 15.
Rad1 Be6 16. d5 Bd7 17. Nh4 g5 18. Nf5+ Bxf5 19. exf5 h5 20. a3 Nh6 21. Bd3
Ndf7 22. c4 h4 23. Bc1 g4 24. b4 Rag8 25. Kh2 Ng5 26. f4 gxf3 27. gxf3 Ngf7 28.
Be3 Rg3 29. c5 bxc5 30. bxc5 Ng5 31. cxd6+ Kxd6 32. Bxg5 fxg5 33. Be4 Ra8 34.
Rd3 Ng8 35. Rb1 Ra7 36. Rdb3 Nf6 37. Rxb7 Rxa3 38. Rf1 Ra2+ 39. Kh1 Rxh3+ 40.
Kg1 Rhh2 41. Rc1 Rag2+ 42. Kf1 Rh1+ 43. Kxg2 Rxc1 44. Rb8 g4 45. Rf8 Ke7 46.
Rh8 gxf3+ 47. Bxf3 e4 48. Be2 Nxd5 49. Rxh4 Nf6 50. Rh6 Rc5 51. Kf2 Rxf5+ 52.
Ke3 c5 53. Rh8 Kd6 54. Rc8 Re5 55. Rd8+ Ke7 56. Kf4 Re6 57. Bc4 e3 58. Rd1 Re4+
59. Kf3 Rxc4 60. Kxe3 Re4+ 0-1

[Event "26th WSCC 2016 Open 65+"]
[Site "Marianske Lazne, Czech Republic - Hotel Cristal and Continental"]
[Date "2016.11.19"]
[Round "1.89"]
[White "Dvorak, Pavel"]
[Black "Carlsten, Peter"]
[Result "1/2-1/2"]
[WhiteElo "1753"]
[BlackElo "2099"]
[PlyCount "52"]
[EventDate "2016.11.19"]

1. Nf3 f5 2. g3 Nf6 3. Bg2 g6 4. d3 d6 5. O-O Bg7 6. Nbd2 c5 7. e4 fxe4 8. dxe4
Nc6 9. c3 O-O 10. Qb3+ e6 11. Ng5 Na5 12. Qc2 h6 13. Ngf3 e5 14. Rd1 Qe7 15.
Nf1 b6 16. Nh4 Kh7 17. Ne3 Nb7 18. h3 Be6 19. c4 Na5 20. b3 Nc6 21. Bb2 Rac8
22. Nd5 Qc7 23. Kh2 Nd4 24. Bxd4 cxd4 25. Qe2 g5 26. Nxf6+ Bxf6 $11 1/2-1/2

[Event "26th WSCC 2016 Open 65+"]
[Site "Marianske Lazne, Czech Republic - Hotel Cristal and Continental"]
[Date "2016.11.19"]
[Round "1.90"]
[White "Vavruska, Antonin"]
[Black "Siewert, Wolfgang"]
[Result "1-0"]
[WhiteElo "2096"]
[BlackElo "1753"]
[PlyCount "81"]
[EventDate "2016.11.19"]

1. e4 g6 2. d4 Bg7 3. Nc3 d5 4. exd5 Nf6 5. Bb5+ Nbd7 6. Nf3 O-O 7. O-O Nb6 8.
Bg5 a6 9. Bd3 Bg4 10. h3 Bxf3 11. Qxf3 Rb8 12. Rfe1 Re8 13. d6 cxd6 14. Rad1
Nbd7 15. Bc4 e6 16. Bb3 d5 17. Ne2 b5 18. Nc1 h6 19. Bh4 g5 20. Bg3 Rc8 21. Nd3
Ne4 22. c3 Qb6 23. Be5 f6 24. Bh2 a5 25. a3 Rf8 26. Rxe4 dxe4 27. Qxe4 Rfe8 28.
Re1 Nf8 29. h4 Kh8 30. hxg5 fxg5 31. Ne5 Bxe5 32. Bxe5+ Kg8 33. Re3 Qc6 34. Qg4
Re7 35. Rh3 Ng6 36. Rxh6 Nxe5 37. dxe5 Kf7 38. Qxg5 Rg8 39. Qh5+ Kf8 40. Rf6+
Rf7 41. Qxf7# 1-0

[Event "26th WSCC 2016 Open 65+"]
[Site "Marianske Lazne, Czech Republic - Hotel Cristal and Continental"]
[Date "2016.11.19"]
[Round "1.91"]
[White "Bohman, Leif"]
[Black "Montero Martinez, Cristhian"]
[Result "0-1"]
[WhiteElo "1749"]
[BlackElo "2089"]
[PlyCount "50"]
[EventDate "2016.11.19"]

1. d4 d5 2. Bf4 Nf6 3. e3 c6 4. Nd2 g6 5. Bd3 Bg7 6. Ngf3 Nbd7 7. h3 O-O 8. O-O
Ne8 9. e4 dxe4 10. Nxe4 Qb6 11. Rb1 Nef6 12. c3 Nxe4 13. Bxe4 Nf6 14. Bc2 Be6
15. b3 c5 16. Be5 Nd5 17. Qe1 Rac8 18. Be4 Bxe5 19. Bxd5 Bxd5 20. Qxe5 Bxf3 21.
gxf3 cxd4 22. cxd4 e6 23. Rbc1 Rcd8 24. Qf6 Rfe8 $11 25. Rc4 Qd6 0-1

[Event "26th WSCC 2016 Open 65+"]
[Site "Marianske Lazne, Czech Republic - Hotel Cristal and Continental"]
[Date "2016.11.19"]
[Round "1.92"]
[White "Anguera Maestro, Jaime"]
[Black "Horyna, Josef"]
[Result "1/2-1/2"]
[WhiteElo "2081"]
[BlackElo "1746"]
[PlyCount "105"]
[EventDate "2016.11.19"]

1. d4 Nf6 2. Nf3 g6 3. c4 Bg7 4. Nc3 d6 5. e4 O-O 6. h3 e5 7. d5 Nbd7 8. Be3 b6
9. Bd3 Nc5 10. Bc2 a5 11. a3 Bb7 12. O-O Nh5 13. Qd2 f5 14. exf5 gxf5 15. Nh2
e4 16. g4 fxg4 17. hxg4 Nf6 18. Bxc5 bxc5 19. g5 Nd7 20. Nxe4 Ne5 21. f4 Nxc4
22. Qd3 Nxb2 23. Nf6+ Rxf6 24. Qxh7+ Kf8 25. gxf6 Qxf6 26. Qf5 Qxf5 27. Bxf5
Bxd5 28. Nf3 Nc4 29. Rae1 Nxa3 30. Be4 Bxe4 31. Rxe4 Nc2 32. f5 Bd4+ 33. Nxd4
Nxd4 34. Rh4 Kf7 35. Rh7+ Kf6 36. Rh6+ Kg7 37. Rh5 Rf8 38. Kh1 Kf6 39. Rh6+ Kg5
40. Rg6+ Kh5 41. Rfg1 Nxf5 42. R6g5+ Kh6 43. R5g2 Kh7 44. Ra2 Rf6 45. Rxa5 Rh6+
46. Kg2 Rg6+ 47. Kf2 Rxg1 48. Kxg1 Kg6 49. Ra7 Kf6 50. Rxc7 Ke5 51. Kf2 Kd5 52.
Ke2 Nd4+ 53. Kd2 $11 1/2-1/2

[Event "26th WSCC 2016 Open 65+"]
[Site "Marianske Lazne, Czech Republic - Hotel Cristal and Continental"]
[Date "2016.11.19"]
[Round "1.93"]
[White "Peierl, Walter"]
[Black "Nickl, Klaus"]
[Result "0-1"]
[WhiteElo "1741"]
[BlackElo "2075"]
[PlyCount "104"]
[EventDate "2016.11.19"]

1. e4 e5 2. Nf3 Nc6 3. Bc4 Be7 4. c3 Nf6 5. d3 O-O 6. O-O d6 7. a4 Na5 8. Ba2
c5 9. b4 Nc6 10. Ba3 Bg4 11. Nbd2 cxb4 12. cxb4 d5 13. Qb3 dxe4 14. dxe4 Bxf3
15. Nxf3 Nxe4 16. Rae1 Nd2 17. Nxd2 Qxd2 18. Rd1 Qg5 19. Bc1 Qg4 20. b5 Nd4 21.
Rxd4 exd4 22. Qd3 Bf6 23. Ba3 Rfe8 24. h3 Qd7 25. Bb1 g6 26. Bc1 Rac8 27. Bd2
Qd5 28. Rd1 Bg7 29. Be1 Qc4 30. a5 Qxd3 31. Bxd3 Bh6 32. Bd2 Bxd2 33. Rxd2 Re1+
34. Kh2 Rcc1 35. Be2 Rb1 36. a6 bxa6 37. bxa6 d3 38. Bf3 Ra1 39. Rxd3 Rxa6 40.
Rd7 Kf8 41. Bd5 Re7 42. Rd8+ Kg7 43. Bf3 h5 44. g4 Rf6 45. Kg2 hxg4 46. hxg4
Rc7 47. Rd3 a5 48. Ra3 Ra7 49. Ra4 Rb6 50. Bd1 Rb4 51. Kf3 Rxa4 52. Bxa4 Rb7
0-1

[Event "26th WSCC 2016 Open 65+"]
[Site "Marianske Lazne, Czech Republic - Hotel Cristal and Continental"]
[Date "2016.11.19"]
[Round "1.94"]
[White "Ashby, Anthony C"]
[Black "Hasberger, Walter"]
[Result "1-0"]
[WhiteElo "2074"]
[BlackElo "1739"]
[PlyCount "97"]
[EventDate "2016.11.19"]

1. e4 e6 2. d4 d5 3. Nd2 c5 4. Ngf3 Nf6 5. e5 Nfd7 6. c3 Nc6 7. Bd3 Be7 8. O-O
O-O 9. Re1 f5 10. exf6 Nxf6 11. Nf1 Bd6 12. b4 cxb4 13. c4 b6 14. Bg5 Qc7 15.
Rc1 Bd7 16. Ne3 Rac8 17. Bxf6 gxf6 18. cxd5 exd5 19. Nxd5 Qb7 20. Bc4 Kg7 21.
Qd3 Na5 22. Ne3 Nxc4 23. Nxc4 Qb8 24. Nxd6 Qxd6 25. h3 a5 26. Qd2 Rfe8 27. Re3
Rxc1+ 28. Qxc1 Rxe3 29. Qxe3 b5 30. Nd2 a4 31. Ne4 Qd5 32. Nc5 Kf7 33. Qh6 Bf5
34. Qf4 Bb1 35. Qc7+ Kg6 36. h4 Bxa2 37. Nd7 Qf7 38. Qg3+ Kh6 39. Ne5 Qe6 40.
Qf4+ Kg7 41. Ng4 f5 42. Ne3 Bb1 43. d5 Qf6 44. Qxb4 Bd3 45. d6 f4 46. Nd5 Qa1+
47. Kh2 a3 48. Qxf4 Qa2 49. Qf6+ 1-0

[Event "26th WSCC 2016 Open 65+"]
[Site "Marianske Lazne, Czech Republic - Hotel Cristal and Continental"]
[Date "2016.11.19"]
[Round "1.95"]
[White "Scholtyssek, Werner"]
[Black "Mueller, Lutz"]
[Result "0-1"]
[WhiteElo "1734"]
[BlackElo "2070"]
[PlyCount "62"]
[EventDate "2016.11.19"]

1. e4 c5 2. Nf3 d6 3. d4 cxd4 4. Nxd4 Nf6 5. Nc3 g6 6. Bb5+ Bd7 7. f3 Nc6 8.
Be3 Bg7 9. O-O O-O 10. Nxc6 bxc6 11. Bc4 Be6 12. Bxe6 fxe6 13. Qd2 e5 14. Rfd1
Nh5 15. Qf2 Nf4 16. Bxa7 Qc7 17. Be3 Qb7 18. Bxf4 exf4 19. Qd2 Qxb2 20. Ne2
Qb6+ 21. Kf1 Bxa1 22. Rxa1 Qb2 23. Qc3 Qxc3 24. Nxc3 Ra5 25. Ke2 Rb8 26. Kd3
Ra3 27. Kd2 d5 28. exd5 cxd5 29. Re1 Rb4 30. Ne2 e5 31. h4 h6 0-1

[Event "26th WSCC 2016 Open 65+"]
[Site "Marianske Lazne, Czech Republic - Hotel Cristal and Continental"]
[Date "2016.11.19"]
[Round "1.96"]
[White "Sand, Rolf"]
[Black "Brhlik, Antonin"]
[Result "1-0"]
[WhiteElo "2068"]
[BlackElo "1732"]
[PlyCount "99"]
[EventDate "2016.11.19"]

1. c4 Nf6 2. g3 g6 3. Bg2 Bg7 4. Nc3 O-O 5. e4 d6 6. Nge2 c5 7. O-O Nc6 8. d3
a6 9. h3 Rb8 10. a4 b6 11. Be3 Nd7 12. Rb1 Bb7 13. Qd2 Nde5 14. f4 Nd7 15. Rfd1
Na7 16. d4 a5 17. d5 Ba6 18. b3 Nc8 19. h4 Na7 20. Rf1 Bc8 21. Nd1 Nf6 22. Nf2
Ng4 23. Nxg4 Bxg4 24. Rbe1 Qd7 25. Nc3 Rbe8 26. Bf2 Kh8 27. e5 Kg8 28. Ne4 h6
29. Be3 Kh7 30. Nf2 h5 31. Ne4 Kh8 32. Ng5 Qc8 33. Bf2 Kg8 34. Kh2 Kh8 35. Be4
Kg8 36. Bc2 Bf5 37. e6 f6 38. Bxf5 gxf5 39. Nf7 Kh7 40. Qd1 Kg6 41. Rg1 Bh6 42.
Qd3 Rxf7 43. exf7 Kxf7 44. Re6 Kg6 45. Kh3 Nc6 46. g4 hxg4+ 47. Rxg4+ Kf7 48.
Qxf5 Rh8 49. Qg6+ Kf8 50. Rxf6+ 1-0

[Event "26th WSCC 2016 Open 65+"]
[Site "Marianske Lazne, Czech Republic - Hotel Cristal and Continental"]
[Date "2016.11.19"]
[Round "1.97"]
[White "Kayaman, Metin"]
[Black "Zhelesny, Stanislav"]
[Result "1/2-1/2"]
[WhiteElo "1732"]
[BlackElo "2067"]
[PlyCount "31"]
[EventDate "2016.11.19"]

1. d4 Nf6 2. Nf3 g6 3. Bf4 d5 4. e3 Bg7 5. Bd3 O-O 6. Nbd2 c5 7. c3 Nbd7 8. h3
b6 9. O-O Bb7 10. Ne5 Nxe5 11. Bxe5 Rc8 12. a4 a6 13. Qe2 c4 14. Bc2 Bh6 15.
Bh2 Nd7 16. f4 1/2-1/2

[Event "26th WSCC 2016 Open 65+"]
[Site "Marianske Lazne, Czech Republic - Hotel Cristal and Continental"]
[Date "2016.11.19"]
[Round "1.98"]
[White "Hutchinson, Norman A"]
[Black "Biza, Miroslav"]
[Result "1-0"]
[WhiteElo "2062"]
[BlackElo "1728"]
[PlyCount "43"]
[EventDate "2016.11.19"]

1. e4 e6 2. d4 d5 3. Nd2 dxe4 4. Nxe4 Nd7 5. Nf3 Ngf6 6. Bd3 Nxe4 7. Bxe4 Nf6
8. Bd3 Be7 9. O-O O-O 10. Ne5 b6 11. Nc6 Qd6 12. Qf3 Bd7 13. Nxe7+ Qxe7 14. Bg5
h6 15. Bh4 g5 16. Bg3 Nd5 17. Qh5 Kg7 18. Be5+ Nf6 19. f4 g4 20. Qxg4+ Kh8 21.
Qh4 Kg7 22. Rf3 1-0

[Event "26th WSCC 2016 Open 65+"]
[Site "Marianske Lazne, Czech Republic - Hotel Cristal and Continental"]
[Date "2016.11.19"]
[Round "1.99"]
[White "Zilbershtein, Victor"]
[Black "Hjertenes, Oystein"]
[Result "0-1"]
[WhiteElo "1716"]
[BlackElo "2060"]
[PlyCount "70"]
[EventDate "2016.11.19"]

1. d4 g6 2. e4 Bg7 3. Nf3 c6 4. Bc4 d5 5. Bd3 dxe4 6. Bxe4 Nf6 7. Bd3 O-O 8. h3
Qc7 9. Nc3 Nbd7 10. Bg5 b5 11. Qd2 Nb6 12. b3 Re8 13. O-O Bb7 14. Ne2 Rad8 15.
Rac1 e6 16. Ne5 Rc8 17. c4 bxc4 18. bxc4 c5 19. Bf4 Nh5 20. Bh2 Bxe5 21. dxe5
Red8 22. Qe3 Rd7 23. Nf4 Ng7 24. Rfd1 Rcd8 25. Qe2 Rd4 26. Qc2 Qe7 27. f3 Qd7
28. Be2 Rd2 29. Rxd2 Qxd2 30. Nd3 Qe3+ 31. Kf1 Nf5 32. Rd1 Qg5 33. Kg1 Ne3 34.
Nf4 Nxc2 35. Rxd8+ Qxd8 0-1

[Event "26th WSCC 2016 Open 65+"]
[Site "Marianske Lazne, Czech Republic - Hotel Cristal and Continental"]
[Date "2016.11.19"]
[Round "1.100"]
[White "Neckar, Lubomir"]
[Black "Bernhoeft, Erhard"]
[Result "1-0"]
[WhiteElo "2319"]
[BlackElo "1962"]
[PlyCount "71"]
[EventDate "2016.11.19"]

1. Nf3 g6 2. d4 Bg7 3. g3 c6 4. Bg2 d6 5. O-O Nf6 6. c4 O-O 7. Nc3 Qc7 8. e4 a5
9. Re1 Rd8 10. Bf4 Nh5 11. Be3 Nf6 12. h3 h6 13. Rc1 Nbd7 14. b3 Nb6 15. Qc2
Nbd7 16. e5 Ne8 17. e6 Nf8 18. exf7+ Kxf7 19. Nh4 Nf6 20. f4 e6 21. g4 Nxg4 22.
hxg4 Qe7 23. g5 hxg5 24. fxg5 e5 25. Rf1+ Kg8 26. Nxg6 Qe6 27. Nxf8 Rxf8 28.
Rxf8+ Kxf8 29. Rf1+ Kg8 30. d5 Qg4 31. Ne4 cxd5 32. cxd5 Qh4 33. Qf2 Qxf2+ 34.
Rxf2 Bf8 35. Nf6+ Kh8 36. Be4 1-0

[Event "26th WSCC 2016 Open 65+"]
[Site "Marianske Lazne, Czech Republic - Hotel Cristal and Continental"]
[Date "2016.11.19"]
[Round "1.101"]
[White "Batakovs, Olegs"]
[Black "De Giorgis, Georges"]
[Result "1-0"]
[WhiteElo "2034"]
[BlackElo "1653"]
[PlyCount "59"]
[EventDate "2016.11.19"]

1. e4 e5 2. Nf3 Nc6 3. Bb5 Nge7 4. d3 Ng6 5. Nc3 Be7 6. Be3 O-O 7. h4 d6 8. Qd2
f5 9. Bg5 fxe4 10. dxe4 Be6 11. Nd5 a6 12. Be2 Bxd5 13. Qxd5+ Kh8 14. g3 Bf6
15. O-O-O h6 16. Be3 Nge7 17. Qd2 Ng8 18. g4 Be7 19. h5 Nf6 20. Nh4 Nxe4 21.
Ng6+ Kg8 22. Qd5+ Rf7 23. Qxe4 Bg5 24. Bc4 Nd4 25. Kb1 b5 26. Bxf7+ Kxf7 27.
Bxd4 exd4 28. Qd5+ Ke8 29. Rhe1+ Kd7 30. Ne5+ 1-0

[Event "26th WSCC 2016 Open 65+"]
[Site "Marianske Lazne, Czech Republic - Hotel Cristal and Continental"]
[Date "2016.11.19"]
[Round "1.102"]
[White "Andersson, Kaj"]
[Black "Kosina, Vladimir"]
[Result "1-0"]
[WhiteElo "2057"]
[BlackElo "1715"]
[PlyCount "79"]
[EventDate "2016.11.19"]

1. e4 c6 2. d4 d5 3. f3 e6 4. Nc3 Be7 5. Be3 b6 6. Qd2 Nf6 7. O-O-O Bb7 8. e5
Nfd7 9. f4 Qc7 10. Nf3 Na6 11. Kb1 O-O-O 12. a3 Kb8 13. h4 h6 14. h5 b5 15. b4
Nb6 16. Rh3 Rhg8 17. g4 Ka8 18. Be2 Rc8 19. Rg1 Qd8 20. g5 hxg5 21. Nxg5 Qf8
22. Na2 Na4 23. Nh7 Qe8 24. Rhg3 Bf8 25. Nf6 gxf6 26. Rxg8 Bxb4 27. Rxe8 Bxd2
28. Rxc8+ Bxc8 29. Bxd2 fxe5 30. h6 exd4 31. h7 N6c5 32. h8=Q Kb8 33. Rg8 Nb6
34. Ba5 Ncd7 35. Nb4 Kb7 36. Bxb6 Nxb6 37. Nxc6 a6 38. Nxd4 Bd7 39. Qe5 Nc8 40.
Rg7 1-0

[Event "26th WSCC 2016 Open 65+"]
[Site "Marianske Lazne, Czech Republic - Hotel Cristal and Continental"]
[Date "2016.11.19"]
[Round "1.103"]
[White "Nielsen, Peter"]
[Black "Hoeschele, Hans-Ulrich"]
[Result "0-1"]
[WhiteElo "1713"]
[BlackElo "2057"]
[PlyCount "64"]
[EventDate "2016.11.19"]

1. Nf3 d5 2. c4 Nf6 3. Nc3 e6 4. e3 c6 5. d4 Be7 6. Be2 Nbd7 7. O-O dxc4 8.
Bxc4 b5 9. Bd3 Bb7 10. a3 a6 11. Bd2 c5 12. Bc2 Qb6 13. dxc5 Nxc5 14. b4 Nce4
15. Nxe4 Nxe4 16. Bxe4 Bxe4 17. Bc3 f6 18. Bd4 Qb7 19. Rc1 Kf7 20. Bc5 Rhd8 21.
Qb3 Rd3 22. Rc3 Rxc3 23. Qxc3 Rc8 24. Rd1 Rc7 25. Qd4 Bxf3 26. gxf3 Qxf3 27.
Rd2 Qb7 28. Qh4 Qf3 29. Qxh7 Bxc5 30. bxc5 Qg4+ 31. Kh1 Rxc5 32. h3 Rc1+ 0-1

[Event "26th WSCC 2016 Open 65+"]
[Site "Marianske Lazne, Czech Republic - Hotel Cristal and Continental"]
[Date "2016.11.19"]
[Round "1.104"]
[White "Archangelsky, Mikhail"]
[Black "Svoboda, Jaroslav"]
[Result "0-1"]
[WhiteElo "2054"]
[BlackElo "1712"]
[PlyCount "58"]
[EventDate "2016.11.19"]

1. d4 d5 2. Nf3 Nc6 3. Bf4 e6 4. e3 Bd6 5. c3 Nge7 6. Bd3 Ng6 7. Bxd6 cxd6 8.
Nbd2 O-O 9. O-O f5 10. Ne1 e5 11. Qb3 Nce7 12. f4 e4 13. Be2 Be6 14. Nc2 Rb8
15. a4 Kh8 16. Nb4 Rf6 17. g3 Nf8 18. Rfc1 a5 $11 19. Nc2 Nc6 20. Na3 Rh6 21.
Nb5 g5 22. Nf1 gxf4 23. exf4 Ng6 24. Kh1 Nxf4 25. gxf4 Qh4 26. Qd1 Rg8 27. Qe1
Qxf4 28. Rc2 e3 29. Bd3 Qf3+ 0-1